[Event "Elit(Solna-Vasteras)"]
[Site "?"]
[Date "2010.12.04"]
[Round "5"]
[White "Johansson, Gunnar"]
[Black "Eriksson, Anders"]
[Result "1-0"]
[WhiteElo "2272"]
[BlackElo "2345"]
[PlyCount "115"]

1. d4 Nf6 2. c4 c5 3. d5 b5 4. Nf3 bxc4 5. Nc3 d6 6. e4 Nbd7 7. Bxc4 g6 8. O-O
Bg7 9. Bg5 O-O 10. Qd2 Ng4 11. Be2 f5 12. exf5 gxf5 13. h3 Nge5 14. Nxe5 Nxe5
15. Rfe1 Rf7 16. Bh5 Ng6 17. Re2 Rb8 18. Rae1 Rb7 19. Qd3 Bf6 20. Bxf6 Rxf6 21.
Qd2 Qf8 22. Bxg6 hxg6 23. Qg5 Qg7 24. Kh2 Kf8 25. f4 Rf7 26. Rd2 Ke8 27. Re3
Qf6 28. Qxf6 Rxf6 29. b3 Rf7 30. Nd1 Rg7 31. Nb2 Kd8 32. Nc4 Bd7 33. Rg3 Be8
34. Kg1 Rh7 35. Kf2 Rh4 36. Rf3 Bb5 37. Kg3 Rh8 38. Rc3 Ke8 39. Re2 Kf7 40. Re1
Bxc4 41. Rxc4 Rh5 42. Kf3 g5 43. fxg5 Rxg5 44. Rh4 Kg6 45. g3 Kf6 46. Rh7 Rg7
47. Re6+ Kf7 48. Rxg7+ Kxg7 49. Kf4 Kf7 50. Kxf5 Rb8 51. Rh6 Rg8 52. g4 Ke8 53.
g5 a5 54. g6 Rf8+ 55. Kg5 Rf3 56. Rh4 Rg3+ 57. Kh6 Kf8 58. Kh7 1-0

[Event "Elit(Solna-Vasteras)"]
[Site "?"]
[Date "2010.12.04"]
[Round "5"]
[White "Norberg, Erik"]
[Black "Steneskog, Per"]
[Result "1/2-1/2"]
[WhiteElo "2259"]
[BlackElo "2211"]
[PlyCount "120"]
[EventDate "2010.??.??"]

1. g3 d5 2. Bg2 c5 3. Nf3 Nc6 4. d4 e6 5. O-O Nf6 6. b3 Be7 7. Bb2 O-O 8. Nbd2
Re8 9. c4 b6 10. Re1 Bb7 11. e3 Rc8 12. a3 cxd4 13. Nxd4 Na5 14. Rc1 dxc4 15.
Bxb7 Nxb7 16. Nxc4 Qd5 17. Qe2 Nc5 18. Red1 Qa8 19. b4 Nce4 20. Nb5 Red8 21. f3
Rxd1+ 22. Qxd1 Ng5 23. e4 Nfxe4 24. fxe4 Qxe4 25. Qf1 Nf3+ 26. Kf2 Nxh2 27. Qe2
Ng4+ 28. Ke1 Qh1+ 29. Qf1 Qxf1+ 30. Kxf1 Rxc4 31. Nxa7 Ne3+ 32. Ke2 Rxc1 33.
Bxc1 Nd5 34. Kd3 h5 35. Nc8 Bd8 36. Bb2 Bc7 37. Bd4 Bxg3 38. Nxb6 Nxb6 39. Bxb6
Kf8 40. a4 Ke7 41. a5 Kd7 42. a6 Kc8 43. Ba7 g5 44. b5 f5 45. b6 h4 46. b7+ Kd7
47. b8=Q Bxb8 48. Bxb8 Kc6 49. Ke3 h3 50. Kf2 f4 51. Kg1 f3 52. Kf2 g4 53. a7
Kb7 54. Kg1 e5 55. Bxe5 Kxa7 56. Kf2 Kb7 57. Bh2 Kc6 58. Bg3 Kd5 59. Bh2 Ke4
60. Bg3 Kf5 1/2-1/2

[Event "Elit(Solna-Vasteras)"]
[Site "?"]
[Date "2010.12.04"]
[Round "5"]
[White "Karlsson, Tomas"]
[Black "Janse, Rasmus"]
[Result "1/2-1/2"]
[WhiteElo "2250"]
[BlackElo "2269"]
[PlyCount "156"]
[EventDate "2010.??.??"]

1. e4 e6 2. d4 d5 3. Nc3 Bb4 4. e5 c5 5. a3 Bxc3+ 6. bxc3 Ne7 7. Qg4 O-O 8. Bd3
Nbc6 9. Qh5 Ng6 10. Nf3 Qc7 11. Be3 c4 12. Bxg6 fxg6 13. Qg4 Bd7 14. h4 Rf5 15.
h5 gxh5 16. Rxh5 Rxh5 17. Qxh5 Be8 18. Qg4 Nd8 19. Kd2 Qd7 20. Nh4 a5 21. f4
Ra6 22. Qh3 Rb6 23. a4 Qf7 24. g4 Bd7 25. f5 Qe8 26. f6 Bxa4 27. fxg7 Rb2 28.
Rc1 Qf7 29. g5 Kxg7 30. g6 hxg6 31. Rf1 Qe8 32. Bh6+ Kg8 33. Rf8+ Qxf8 34. Bxf8
Rxc2+ 35. Ke1 Rc1+ 36. Kf2 Rc2+ 37. Kg1 Rc1+ 38. Kh2 Rc2+ 39. Ng2 Kxf8 40. Qh8+
Ke7 41. Qg7+ Ke8 42. Qc7 Re2 43. Qxa5 Bc2 44. Qa2 Bd3 45. Qa4+ Ke7 46. Kg3 g5
47. Kf3 Rc2 48. Ne3 Be4+ 49. Kg3 Re2 50. Ng4 Nc6 51. Qa3+ Kf7 52. Qc1 Rg2+ 53.
Kh3 Bf3 54. Qxg5 Rxg4 55. Qf6+ Ke8 56. Qxf3 Rg7 57. Qf6 Re7 58. Qh8+ Kd7 59.
Qa8 Kc7 60. Kg4 Rd7 61. Kg5 Rf7 62. Kg6 Rf3 63. Qa3 Kc8 64. Qa8+ Kc7 65. Qa3
Nd8 66. Kg7 Rf1 67. Qc5+ Kd7 68. Qb5+ Kc7 69. Qa5+ b6 70. Qa7+ Nb7 71. Qa3 Kd7
72. Qb4 Rg1+ 73. Kf6 Rf1+ 74. Kg5 Rg1+ 75. Kf4 Rf1+ 76. Kg3 Nd8 77. Qd6+ Ke8
78. Qxb6 Rf5 1/2-1/2

[Event "Elit(Solna-Vasteras)"]
[Site "?"]
[Date "2010.12.04"]
[Round "5"]
[White "Carmegren, Emil"]
[Black "Landgren, Andreas"]
[Result "0-1"]
[WhiteElo "1797"]
[BlackElo "2196"]
[PlyCount "102"]

1. e4 c5 2. Nf3 d6 3. d3 Nc6 4. g3 g6 5. Bg2 Bg7 6. O-O e5 7. Nbd2 Nge7 8. c3
O-O 9. Re1 h6 10. Nf1 d5 11. exd5 Nxd5 12. Ne3 Nb6 13. Nc4 Nxc4 14. dxc4 Be6
15. Be3 Qe7 16. Qc1 Kh7 17. Nd2 Rac8 18. f4 Rfd8 19. Bxc6 Rxc6 20. fxe5 Bxe5
21. Bxh6 Bxg3 22. hxg3 Kxh6 23. Nf3+ Kg7 24. Ng5 Qc7 25. Nxe6+ Rxe6 26. Qf4
Qxf4 27. gxf4 Rd2 28. Rxe6 fxe6 29. Rb1 b6 30. a4 Kf6 31. b4 cxb4 32. Rxb4 Ra2
33. c5 bxc5 34. Rc4 Ke7 35. Rxc5 Rxa4 36. Rc7+ Kf6 37. Kg2 Rxf4 38. Rxa7 Rc4
39. Ra3 g5 40. Kf3 Kf5 41. Rb3 e5 42. Kg3 g4 43. Kg2 Kf4 44. Ra3 Ke3 45. Ra5 e4
46. Kg3 Rc8 47. Kxg4 Rg8+ 48. Kf5 Kf3 49. c4 e3 50. Ra1 Re8 51. c5 e2 0-1

[Event "Elit(Solna-Vasteras)"]
[Site "?"]
[Date "2010.12.04"]
[Round "5"]
[White "Bjarnehag, Peter"]
[Black "Kimari, Patrick"]
[Result "1-0"]
[WhiteElo "2216"]
[BlackElo "2173"]
[PlyCount "135"]

1. Nf3 b6 2. g3 Bb7 3. Bg2 Nf6 4. c4 e6 5. O-O Be7 6. b3 d5 7. Bb2 O-O 8. e3 c5
9. Nc3 dxc4 10. bxc4 Qc8 11. d3 Rd8 12. Qe2 Nc6 13. e4 Nd7 14. e5 a6 15. Rfe1
Nb4 16. a3 Nc6 17. Rab1 Rb8 18. h4 Ba8 19. Bc1 Qb7 20. Qe4 Nf8 21. h5 Qd7 22.
Rd1 f5 23. exf6 Bxf6 24. Qe1 Qf7 25. h6 gxh6 26. Ne4 Bg7 27. Bb2 Nd4 28. Bxd4
cxd4 29. Rb2 Nd7 30. Nfd2 Ne5 31. Qe2 Qe7 32. Nb1 Kh8 33. Re1 Nd7 34. Ned2 Bxg2
35. Kxg2 Nc5 36. Ne4 Na4 37. Rc2 Rbc8 38. Qd2 Nc5 39. Rb2 Na4 40. Rc2 Rc6 41.
Qb4 Qxb4 42. axb4 Kg8 43. Ra2 b5 44. c5 a5 45. bxa5 Nc3 46. Nbxc3 dxc3 47. a6
Ra8 48. Rc1 b4 49. Rb1 Raxa6 50. Rxa6 Rxa6 51. Rxb4 Kf8 52. Rc4 Ke7 53. c6 Ra8
54. Nxc3 Bxc3 55. Rxc3 Kd6 56. c7 Rc8 57. Kf3 h5 58. Kf4 h6 59. Ke4 Rxc7 60.
Rxc7 Kxc7 61. Ke5 Kd7 62. Kf6 Kd6 63. Kg6 Kd5 64. Kxh5 Kd4 65. Kxh6 Kxd3 66. g4
e5 67. g5 Ke2 68. Kg6 1-0

[Event "Elit(Limhamn-Manhem)"]
[Site "?"]
[Date "2010.12.04"]
[Round "5"]
[White "Akesson, Joel"]
[Black "Hector, Jonny"]
[Result "0-1"]
[WhiteElo "2367"]
[BlackElo "2654"]
[PlyCount "144"]
[SourceDate "2010.12.14"]

1. d4 d5 2. Nf3 Nf6 3. c4 c6 4. e3 Bf5 5. cxd5 cxd5 6. Qb3 Qc7 7. Bd2 e6 8.
Bb5+ Nc6 9. O-O Nd7 10. Rc1 Bd6 11. Bxc6 bxc6 12. Bb4 Rb8 13. Bxd6 Qxd6 14. Qc3
O-O 15. Nbd2 Rfc8 16. Ne5 Nxe5 17. dxe5 Qb4 18. Qxb4 Rxb4 19. b3 f6 20. Rc5 Bg6
21. Rac1 Be8 22. Nf3 Rb6 23. Ra5 Ra8 24. Nd4 fxe5 25. Nxe6 Rb7 26. Nc5 Re7 27.
f3 g5 28. Na6 Rd8 29. Nb4 Rd6 30. Rac5 Ree6 31. e4 dxe4 32. fxe4 a5 33. Rxa5
Bg6 34. Na6 Rd2 35. Nc5 Red6 36. b4 Rb2 37. Ra3 Rxb4 38. Rb3 Rbd4 39. Re3 Rd1+
40. Rxd1 Rxd1+ 41. Kf2 Kf7 42. a4 Ra1 43. Re2 Ke7 44. Rd2 Be8 45. Ke3 Rc1 46.
Nd3 Rc3 47. Kf2 Kf6 48. a5 Ra3 49. Nb4 c5 50. Nd5+ Kf7 51. Rb2 Rxa5 52. Rb7+
Kg6 53. Ne7+ Kh5 54. Nf5 Ra2+ 55. Kg3 Ra3+ 56. Kf2 Bg6 57. h3 g4 58. Rc7 gxh3
59. gxh3 Kg5 60. Rxc5 Kf4 61. Nd6 Ra2+ 62. Ke1 Bh5 63. Rc8 Re2+ 64. Kf1 Rd2 65.
Rf8+ Kg3 66. Rg8+ Kxh3 67. Nf5 Bg6 68. Rg7 Kg4 69. Ke1 Ra2 70. Ne7 Ra6 71. Ke2
Kf4 72. Nxg6+ hxg6 0-1

[Event "Elit(Limhamn-Manhem)"]
[Site "?"]
[Date "2010.12.04"]
[Round "5"]
[White "Brynell, Stellan"]
[Black "Nithander, Victor"]
[Result "0-1"]
[WhiteElo "2559"]
[BlackElo "2497"]
[PlyCount "106"]

1. d4 Nf6 2. c4 g6 3. g3 c6 4. Bg2 d5 5. cxd5 cxd5 6. Nc3 Bg7 7. Nf3 O-O 8. Ne5
e6 9. O-O Nfd7 10. Nf3 Nc6 11. Bf4 a6 12. Rc1 Nb6 13. b3 Qe7 14. Qd2 Rd8 15. h4
f6 16. Rfd1 Ra7 17. Qc2 Qf7 18. e4 dxe4 19. Nxe4 Nd5 20. Bd6 Bh6 21. Ra1 Bd7
22. Ba3 b6 23. Nd6 Qg7 24. Bc1 Ncb4 25. Qb2 Rc7 26. Bxh6 Qxh6 27. Rd2 Qf8 28.
Nc4 b5 29. Ne3 Nxe3 30. fxe3 Rdc8 31. Rf1 Qd6 32. Kh2 Nc2 33. Rd3 e5 34. Nd2 f5
35. e4 Nxd4 36. Qb1 Rc2 37. Qe1 Rxa2 38. Qe3 Rcc2 39. Rf2 b4 40. Qh6 f4 41.
gxf4 Rxd2 42. Rfxd2 Rxd2 43. Rxd2 Nf3+ 44. Bxf3 Qxd2+ 45. Kg3 Be6 46. h5 Qxf4+
47. Qxf4 exf4+ 48. Kxf4 Bxb3 49. hxg6 hxg6 50. Ke5 a5 51. Kd6 a4 52. e5 a3 53.
e6 Bxe6 0-1

[Event "Elit(Limhamn-Manhem)"]
[Site "?"]
[Date "2010.12.04"]
[Round "5"]
[White "Carlhammar, Magnus"]
[Black "Jepson, Christian"]
[Result "0-1"]
[WhiteElo "2308"]
[BlackElo "2478"]
[PlyCount "120"]

1. Nf3 Nf6 2. c4 e6 3. g3 d5 4. Bg2 d4 5. O-O c5 6. e3 Nc6 7. exd4 cxd4 8. d3
Be7 9. Re1 Nd7 10. Na3 O-O 11. Nc2 a5 12. Rb1 Nc5 13. b3 f6 14. Ba3 e5 15. Bxc5
Bxc5 16. a3 Qd6 17. Qc1 Bf5 18. Bf1 Rab8 19. Nd2 b5 20. Rd1 Rfc8 21. Ne4 Qf8
22. Nxc5 Qxc5 23. b4 axb4 24. axb4 Qe7 25. c5 Qd7 26. Ra1 Be6 27. Qb2 Bd5 28.
Bg2 Ra8 29. Bxd5+ Qxd5 30. Rxa8 Rxa8 31. Ra1 Rd8 32. Qa2 Ne7 33. Qxd5+ Nxd5 34.
Ra5 Nc3 35. Na3 e4 36. Kf1 exd3 37. Ke1 Nd5 38. Rxb5 Ra8 39. Ra5 Re8+ 40. Kd2
Nxb4 41. Nc4 Re2+ 42. Kd1 Nd5 43. Nd2 Nc3+ 44. Kc1 Kf7 45. c6 Ke6 46. Ra8 Kd6
47. Rd8+ Kxc6 48. Rxd4 Re1+ 49. Kb2 Nd1+ 50. Kb3 Nxf2 51. Rd8 f5 52. Nf3 Kc7
53. Rg8 Re3 54. Nd2 Re7 55. Ra8 Ne4 56. Ra7+ Kd8 57. Ra8+ Kd7 58. Ra2 Ke6 59.
Ra6+ Kd5 60. Nf1 Rb7+ 0-1

[Event "Elit(Limhamn-Manhem)"]
[Site "?"]
[Date "2010.12.04"]
[Round "5"]
[White "Ahlander, Bjorn"]
[Black "Welin, Mats"]
[Result "1-0"]
[WhiteElo "2504"]
[BlackElo "2412"]
[PlyCount "74"]

1. d4 Nf6 2. c4 e6 3. Nc3 Bb4 4. e3 b6 5. f3 Nh5 6. Nh3 f5 7. Bd3 O-O 8. O-O
Bb7 9. Bd2 Nc6 10. a3 Be7 11. f4 Nf6 12. Ng5 Ng4 13. h3 Nh6 14. d5 Ne5 15. fxe5
Bxg5 16. e4 f4 17. Qh5 g6 18. Qe2 Nf7 19. Rxf4 Qe7 20. Raf1 Nxe5 21. Rxf8+ Rxf8
22. Rxf8+ Kxf8 23. Bxg5 Qxg5 24. Nb5 Qg3 25. Bc2 Ba6 26. Nxc7 Bxc4 27. Qd1 Qe3+
28. Kh1 Qc5 29. b3 Qxc7 30. bxc4 Nxc4 31. dxe6 dxe6 32. Bb3 Ke7 33. Qc1 b5 34.
Qg5+ Kf7 35. Qxb5 Ne3 36. Kg1 Qb6 37. Qxb6 axb6 1-0

[Event "Elit(Limhamn-Manhem)"]
[Site "?"]
[Date "2010.12.04"]
[Round "5"]
[White "Moberg, Karl Johan"]
[Black "Schneider, Stefan"]
[Result "1/2-1/2"]
[WhiteElo "2317"]
[BlackElo "2440"]
[PlyCount "58"]

1. d4 Nf6 2. c4 e6 3. Nf3 Bb4+ 4. Nbd2 d5 5. e3 O-O 6. a3 Be7 7. b4 Nbd7 8. c5
c6 9. Bb2 Qc7 10. Bd3 b6 11. Qc2 a5 12. O-O Ba6 13. Bxa6 Rxa6 14. Bc3 axb4 15.
axb4 Rfa8 16. Qb2 Qc8 17. Rxa6 Rxa6 18. Ra1 Bd8 19. Rxa6 Qxa6 20. Qa1 Qb7 21.
Qa4 b5 22. Qa1 Bc7 23. Ne5 h6 24. Nxd7 Nxd7 25. f3 Nf6 26. Nf1 Kh7 27. Be1 Nh5
28. g4 Nf6 29. Bg3 Bd8 1/2-1/2

[Event "Elit(Limhamn-Manhem)"]
[Site "?"]
[Date "2010.12.04"]
[Round "5"]
[White "Outgajjouft, Said"]
[Black "Holst, Conny"]
[Result "1-0"]
[WhiteElo "2111"]
[BlackElo "2256"]
[PlyCount "163"]

1. e4 c5 2. Nc3 Nc6 3. f4 e6 4. Bb5 Nd4 5. Nf3 a6 6. Bd3 b5 7. O-O Nxf3+ 8.
Qxf3 Bb7 9. f5 Nf6 10. Qf4 c4 11. Be2 Qb6+ 12. Kh1 O-O-O 13. e5 Nd5 14. Nxd5
exd5 15. d4 cxd3 16. Be3 Bc5 17. Bxc5 Qxc5 18. cxd3 Bc6 19. Rfc1 Qb6 20. a4 Kb7
21. a5 Qa7 22. d4 g5 23. Qd2 Ka8 24. Rc5 h6 25. Bf3 Bb7 26. Bxd5 d6 27. Bxb7+
Qxb7 28. exd6 Rxd6 29. d5 Re8 30. Qd4 Qe7 31. h3 Qd7 32. Rac1 Kb8 33. b4 f6 34.
Kh2 Qxf5 35. Rc6 Rxc6 36. Rxc6 Qe5+ 37. Qxe5+ Rxe5 38. Rxf6 Rxd5 39. Rxa6 h5
40. Rh6 h4 41. Rg6 Ka7 42. Rb6 Re5 43. Kg1 Rf5 44. g3 Rf3 45. gxh4 gxh4 46. Kg2
Rf5 47. Rg6 Kb7 48. Rg4 Rh5 49. Kf3 Kc6 50. Ke4 Kd6 51. Rg6+ Kc7 52. Kf4 Rd5
53. Rg4 Rh5 54. Rg5 Rh8 55. Rxb5 Rd8 56. Re5 Kb7 57. Re4 Kc6 58. Kg5 Kd5 59.
Re7 Rb8 60. Rh7 Rxb4 61. Rxh4 Rb3 62. Kf6 Rf3+ 63. Ke7 Kc6 64. Rh6+ Kb7 65. h4
Rf5 66. a6+ Ka7 67. Ke6 Ra5 68. Kf7 Ra1 69. Rg6 Rh1 70. Rg4 Kxa6 71. Kg6 Kb6
72. h5 Rd1 73. Rf4 Kc7 74. h6 Rg1+ 75. Kf7 Rh1 76. Rf6 Kd7 77. Kg7 Ke7 78. Rg6
Rf1 79. h7 Rf7+ 80. Kh6 Rf2 81. h8=Q Rh2+ 82. Kg7 1-0

[Event "Elit(Limhamn-Manhem)"]
[Site "?"]
[Date "2010.12.04"]
[Round "5"]
[White "Eklund, Joel"]
[Black "Liljedahl, Lennart"]
[Result "0-1"]
[WhiteElo "2299"]
[BlackElo "2229"]
[PlyCount "66"]

1. c4 e5 2. g3 Bc5 3. Bg2 d6 4. Nc3 a6 5. Nf3 Nc6 6. O-O Nge7 7. e3 Ba7 8. h3
O-O 9. d4 exd4 10. exd4 Nf5 11. Ne2 Re8 12. Kh1 h6 13. b3 Bd7 14. Bb2 g5 15.
Qd2 Qf6 16. d5 Ne5 17. Nfd4 Nxd4 18. Nxd4 Qg6 19. f4 gxf4 20. gxf4 Qd3 21. Qf2
Ng6 22. Rad1 Qe3 23. Qc2 Qg3 24. Rf3 Qh4 25. Nf5 Re1+ 26. Rxe1 Bxf5 27. Qxf5
Qxe1+ 28. Rf1 Qe7 29. Bf6 Qe2 30. Ba1 Qxg2+ 31. Kxg2 Nh4+ 32. Kh2 Nxf5 33. Re1
Kf8 0-1

[Event "Elit(Rockaden-Upsala)"]
[Site "?"]
[Date "2010.12.04"]
[Round "5"]
[White "Lundvik, Jonas"]
[Black "Blomqvist, Erik"]
[Result "0-1"]
[WhiteElo "2339"]
[BlackElo "2509"]
[PlyCount "98"]
[EventDate "2010.??.??"]
[SourceDate "2010.12.19"]

1. d4 d5 2. g3 Nf6 3. Bg2 e6 4. Nf3 Be7 5. O-O O-O 6. b3 c5 7. Bb2 cxd4 8. Nxd4
a6 9. e3 Qc7 10. Nd2 e5 11. N4f3 Nc6 12. c4 Rd8 13. cxd5 Nxd5 14. Rc1 f6 15. a3
Bg4 16. Qc2 Qd7 17. Nc4 b5 18. Nb6 Nxb6 19. Qxc6 Rab8 20. Qxd7 Nxd7 21. h3 Be6
22. Rc6 Rb6 23. Rxb6 Nxb6 24. b4 Nc4 25. Bc3 Rd3 26. Rc1 Nxa3 27. Ne1 Rd6 28.
Ra1 Nc4 29. Bb7 Bxh3 30. Rxa6 Rxa6 31. Bxa6 Nd6 32. Nd3 Bd7 33. f4 e4 34. Nc5
Bc6 35. g4 Kf7 36. Nb3 Bd7 37. f5 Ke8 38. Bd4 g6 39. g5 Nxf5 40. gxf6 Bxb4 41.
Kf2 Kf7 42. Bb2 Nd6 43. Be5 Ne8 44. Bb7 Nxf6 45. Bxf6 Kxf6 46. Bxe4 h5 47. Bd3
Bd6 48. Nd2 Be7 49. Ne4+ Ke5 0-1

[Event "Elit(Rockaden-Upsala)"]
[Site "?"]
[Date "2010.12.04"]
[Round "5"]
[White "Burwick, Malte"]
[Black "Barkhagen, Jonas"]
[Result "0-1"]
[WhiteElo "2264"]
[BlackElo "2501"]
[PlyCount "82"]
[EventDate "2010.??.??"]
[SourceDate "2010.12.19"]

1. c4 e5 2. Nc3 Nf6 3. Nf3 Nc6 4. g3 Bb4 5. Bg2 O-O 6. O-O e4 7. Ne1 Bxc3 8.
dxc3 h6 9. Nc2 Re8 10. Ne3 b6 11. Nd5 Bb7 12. Qc2 Na5 13. Ne3 d6 14. Bd2 Nc6
15. Rad1 Ne7 16. Bc1 Qc8 17. b3 Qe6 18. Qd2 Qe5 19. f4 exf3 20. exf3 Qh5 21.
Qf2 a5 22. Rd4 Qg6 23. Bh3 Bc8 24. Bg2 Nf5 25. Nxf5 Bxf5 26. g4 Bd3 27. Rd1 Bc2
28. R1d2 Bb1 29. h4 h5 30. g5 Nd7 31. f4 Rad8 32. Rd5 Qe6 33. Ba3 g6 34. Rd1
Be4 35. R5d2 Qg4 36. Qd4 Nf8 37. Rf1 c5 38. Qf2 Bxg2 39. Qxg2 Qxh4 40. Qb7 Re1
41. Qf3 Rde8 0-1

[Event "Elit(Rockaden-Upsala)"]
[Site "?"]
[Date "2010.12.04"]
[Round "5"]
[White "Marttala, Thomas"]
[Black "Bator, Robert"]
[Result "0-1"]
[WhiteElo "2300"]
[BlackElo "2481"]
[PlyCount "98"]

1. e4 Nf6 2. e5 Nd5 3. Nc3 c6 4. Qf3 Nb4 5. Bc4 d5 6. exd6 e6 7. Bb3 Bxd6 8. a3
Nd5 9. Nge2 Nxc3 10. dxc3 Qf6 11. Qxf6 gxf6 12. Be3 Bd7 13. a4 c5 14. O-O-O Be7
15. Nf4 Nc6 16. Bc4 Ne5 17. Be2 Bxa4 18. Nh5 Rg8 19. Bh6 Nd7 20. Ng7+ Kd8 21.
Bh5 Bf8 22. Bxf7 Bxg7 23. Bxg8 Bxh6+ 24. Kb1 Ke7 25. Bxh7 Bc6 26. f3 Rh8 27.
Bd3 Bf4 28. h4 Ne5 29. Rh3 Rg8 30. h5 Bh6 31. Bf1 b6 32. Re1 Kf7 33. Rh2 Rd8
34. Be2 Rg8 35. Bf1 a5 36. Rh3 a4 37. c4 Rd8 38. Be2 Bb7 39. Rd1 Rxd1+ 40. Bxd1
Nxc4 41. Be2 Ne3 42. g3 Bc6 43. c4 Nf5 44. Bd1 Nd4 45. f4 Be4+ 46. Ka2 Bd3 47.
Bxa4 Bxc4+ 48. Kb1 Be2 49. Rh2 f5 0-1

[Event "Elit(Rockaden-Upsala)"]
[Site "?"]
[Date "2010.12.04"]
[Round "5"]
[White "Hermansson, Emil"]
[Black "Cederberg, Karl Olof"]
[Result "1/2-1/2"]
[WhiteElo "2458"]
[BlackElo "2185"]
[PlyCount "39"]

1. e4 e5 2. Nf3 d6 3. d4 Nf6 4. dxe5 Nxe4 5. Qd5 Nc5 6. Bg5 Qd7 7. exd6 Bxd6 8.
Nc3 a6 9. O-O-O Qc6 10. Bc4 Be6 11. Rhe1 O-O 12. Qxc6 Nxc6 13. Bd5 Bxd5 14.
Nxd5 Rfe8 15. Be3 Ne4 16. c4 Rad8 17. a3 Na5 18. c5 Nb3+ 19. Kc2 Nbxc5 20. Nd4
1/2-1/2

[Event "Elit(Rockaden-Upsala)"]
[Site "?"]
[Date "2010.12.04"]
[Round "5"]
[White "Lindberg, Henrik"]
[Black "Hedman, Erik"]
[Result "1-0"]
[WhiteElo "2240"]
[BlackElo "2442"]
[PlyCount "78"]

1. e4 c5 2. Nf3 d6 3. d4 cxd4 4. Nxd4 Nf6 5. Nc3 a6 6. Be2 e5 7. Nb3 Be7 8. O-O
O-O 9. Re1 Be6 10. Bf1 a5 11. a4 Nc6 12. Nd5 Bxd5 13. exd5 Nb4 14. c4 b6 15.
Bd2 Na6 16. f4 Nd7 17. Bc3 Bf6 18. f5 Nac5 19. Nxc5 Nxc5 20. Bd3 e4 21. Bxe4
Bxc3 22. bxc3 Re8 23. Qf3 Qg5 24. Re2 Re5 25. Bc2 Rae8 26. Rae1 Rxe2 27. Rxe2
Rxe2 28. Qxe2 Qc1+ 29. Kf2 Qf4+ 30. Kg1 Qc1+ 31. Kf2 Qf4+ 32. Kg1 Kf8 33. g3
Qe5 34. Qxe5 dxe5 35. Kf2 Ke7 36. Kf3 Nb7 37. Bd3 g6 38. fxg6 hxg6 39. g4 Nd6
1-0

[Event "Elit(Rockaden-Upsala)"]
[Site "?"]
[Date "2010.12.04"]
[Round "5"]
[White "Lejlic, Samir"]
[Black "Fallman, Mikael"]
[Result "1-0"]
[WhiteElo "2346"]
[BlackElo "2140"]
[PlyCount "39"]

1. e4 c5 2. Nf3 d6 3. d4 cxd4 4. Nxd4 Nf6 5. Nc3 a6 6. Bg5 e6 7. Qf3 Nbd7 8.
O-O-O Qc7 9. Kb1 Be7 10. g4 b5 11. Bxf6 gxf6 12. Qh3 Bb7 13. Qh5 Nc5 14. a3 e5
15. Nf5 Nxe4 16. Ng7+ Kf8 17. Nd5 Bxd5 18. Qh6 Qb7 19. Rxd5 Qxd5 20. Ne6+ 1-0

[Event "Elit(Team Viking-Farsta)"]
[Site "?"]
[Date "2010.12.04"]
[Round "5"]
[White "Sagit, Rauan"]
[Black "Backelin, Rikard"]
[Result "1/2-1/2"]
[WhiteElo "2458"]
[BlackElo "2440"]
[PlyCount "98"]
[EventDate "2010.??.??"]

1. e4 e6 2. d4 d5 3. Nc3 Nf6 4. Bg5 dxe4 5. Nxe4 Nbd7 6. Bd3 h6 7. Be3 Nxe4 8.
Bxe4 Nf6 9. Bf3 Bd6 10. Qd2 Nd5 11. Ne2 O-O 12. O-O c6 13. c4 Nxe3 14. Qxe3 a5
15. g3 a4 16. Bg2 Qa5 17. c5 Be7 18. Rab1 Bf6 19. b4 axb3 20. axb3 Qb4 21. Rfc1
Rd8 22. Rc4 Qa3 23. Nc3 Bd7 24. h4 Be8 25. Bf1 Qa5 26. Ne4 Be7 27. b4 Qc7 28.
Nd2 Bf6 29. Nf3 Rd5 30. g4 Qe7 31. h5 Bg5 32. Qe4 f5 33. gxf5 exf5 34. Qxe7
Bxe7 35. Rc3 Bxh5 36. Bc4 Bf7 37. Ne5 Be6 38. Bxd5 Bxd5 39. f3 Ra2 40. b5 Bh4
41. bxc6 bxc6 42. Rd3 Bf2+ 43. Kh1 Bg3 44. Nxc6 Bxc6 45. d5 Be8 46. Re3 Bf7 47.
Rd3 Rh2+ 48. Kg1 Rc2 49. d6 Bf2+ 1/2-1/2

[Event "Elit(Team Viking-Farsta)"]
[Site "?"]
[Date "2010.12.04"]
[Round "5"]
[White "Degerman, Lars"]
[Black "Ong, Kezli"]
[Result "1-0"]
[WhiteElo "2453"]
[BlackElo "2319"]
[PlyCount "153"]

1. c4 e5 2. Nc3 Nf6 3. g3 d5 4. cxd5 Nxd5 5. Bg2 Nb6 6. Nf3 Nc6 7. O-O Be7 8.
a3 O-O 9. b4 Be6 10. Rb1 f6 11. d3 a5 12. b5 Nd4 13. Nd2 Rb8 14. e3 Nf5 15. Nb3
a4 16. Na5 Qc8 17. Qc2 Rd8 18. Ne4 Bd5 19. Bb2 Nd6 20. Nxd6 Rxd6 21. Nc4 Rd8
22. Bxd5+ Rxd5 23. d4 Rxb5 24. Nxb6 Rxb6 25. dxe5 Ra8 26. exf6 Bxf6 27. Bxf6
Rxf6 28. Rfc1 Rc6 29. Qa2+ Kh8 30. Rxc6 bxc6 31. Qf7 Qd8 32. Rb7 Rc8 33. Qe6
Qd1+ 34. Kg2 Qd5+ 35. Qxd5 cxd5 36. Kf1 Kg8 37. Ra7 Kf7 38. Ke2 Ke6 39. Rxa4
Ke5 40. h4 Rb8 41. Rb4 Ra8 42. a4 h5 43. g4 g6 44. f4+ Kd6 45. Kf3 Ra6 46. Rb8
Rxa4 47. Rg8 hxg4+ 48. Kxg4 Ra3 49. Rxg6+ Ke7 50. Rg5 Rxe3 51. Rxd5 Rc3 52. h5
Kf6 53. Rd7 Rc1 54. h6 Rg1+ 55. Kf3 c5 56. Rd5 Rf1+ 57. Kg3 Kg6 58. Rd6+ Kh7
59. Kg4 c4 60. Rc6 c3 61. Kg5 Rg1+ 62. Kf5 Rc1 63. Ke4 c2 64. Kf5 Kh8 65. Rc7
Kg8 66. Rc6 Kh7 67. Rc8 Kxh6 68. Kf6 Kh7 69. f5 Re1 70. Rxc2 Kg8 71. Rc8+ Kh7
72. Kf7 Kh6 73. f6 Rf1 74. Rc2 Ra1 75. Rh2+ Kg5 76. Kg7 Ra7+ 77. f7 1-0

[Event "Elit(Team Viking-Farsta)"]
[Site "?"]
[Date "2010.12.04"]
[Round "5"]
[White "Svensk, Ingemar"]
[Black "Agrest, Inna"]
[Result "1/2-1/2"]
[WhiteElo "2256"]
[BlackElo "2372"]
[PlyCount "62"]

1. e4 e5 2. Nf3 Nc6 3. d4 exd4 4. Nxd4 Bc5 5. Be3 Qf6 6. c3 Nge7 7. g3 h5 8. h3
d6 9. Bg2 Ne5 10. f4 N5c6 11. O-O Bd7 12. Nd2 Nxd4 13. e5 Qg6 14. cxd4 Bb6 15.
Kh2 Nf5 16. Bf2 d5 17. Nf3 c6 18. Qb3 Qh6 19. Kg1 Qg6 20. Kh2 Rb8 21. a4 Bd8
22. Rfe1 Nh6 23. Rac1 h4 24. g4 Bxg4 25. hxg4 Nxg4+ 26. Kg1 h3 27. Bh1 Ne3+ 28.
Kh2 Ng4+ 29. Kg1 Ne3+ 30. Kh2 Ng4+ 31. Kg1 Ne3+ 1/2-1/2

[Event "Elit(Team Viking-Farsta)"]
[Site "?"]
[Date "2010.12.04"]
[Round "5"]
[White "Bergstrom, Peter"]
[Black "Wieweg, Johnny"]
[Result "1-0"]
[WhiteElo "2339"]
[BlackElo "2224"]
[PlyCount "57"]

1. e4 e5 2. Nf3 Nc6 3. Nc3 Nf6 4. d4 Bb4 5. d5 Ne7 6. Bd2 Ng6 7. Bd3 d6 8. a3
Ba5 9. h3 Bxc3 10. Bxc3 c6 11. dxc6 bxc6 12. Qd2 O-O 13. O-O-O Qe7 14. Rhe1 Bb7
15. g3 Rfd8 16. Nh4 Nxh4 17. gxh4 Nh5 18. Qg5 Qxg5+ 19. hxg5 Nf4 20. Bf1 f6 21.
gxf6 gxf6 22. Bd2 Ne6 23. Bb4 c5 24. Ba5 Rd7 25. Bb5 Re7 26. Rxd6 Kf7 27. Bc4
Rg8 28. Red1 Bxe4 29. Rxe6 1-0

[Event "Elit(Kamraterna-Eksjo)"]
[Site "?"]
[Date "2010.12.04"]
[Round "5"]
[White "Akbarinia, Arash"]
[Black "Ornstein, Axel"]
[Result "1/2-1/2"]
[WhiteElo "2300"]
[BlackElo "2424"]
[PlyCount "84"]

1. d4 Nf6 2. Nf3 e6 3. g3 b5 4. Bg2 Bb7 5. O-O Be7 6. Qd3 a6 7. Nbd2 c5 8. dxc5
Bxc5 9. a4 b4 10. e4 d5 11. exd5 Qxd5 12. Qxd5 Bxd5 13. Ne5 Nbd7 14. Nd3 Be7
15. c4 bxc3 16. bxc3 Rc8 17. Bb2 O-O 18. a5 Rfd8 19. Nb4 Bxg2 20. Kxg2 Nc5 21.
Rfd1 Nd3 22. Nxd3 Rxd3 23. Nf3 Rxd1 24. Rxd1 Nd5 25. Ne5 Bf6 26. Nd7 Bxc3 27.
Bxc3 Rxc3 28. Rb1 f6 29. Rb8+ Kf7 30. Ra8 Nb4 31. Ra7 Kg6 32. Nf8+ Kh6 33. Nxe6
Ra3 34. Rxg7 Rxa5 35. Rf7 Kg6 36. Rb7 Nd3 37. Nf8+ Kf5 38. Rxh7 Ra2 39. Rh5+
Ke4 40. Rh4+ Kd5 41. Rh5+ Ke4 42. Rh4+ Kd5 1/2-1/2

[Event "Elit(Kamraterna-Eksjo)"]
[Site "?"]
[Date "2010.12.04"]
[Round "5"]
[White "Andersson, Johan"]
[Black "Madebrink, Lars"]
[Result "1-0"]
[WhiteElo "2101"]
[BlackElo "2274"]
[PlyCount "77"]

1. e4 c5 2. Nf3 d6 3. d4 cxd4 4. Qxd4 Nc6 5. Bb5 Bd7 6. Bxc6 Bxc6 7. Nc3 Nf6 8.
Bg5 e6 9. O-O-O Be7 10. Rhe1 Qa5 11. Kb1 O-O 12. Qd2 Qb6 13. Nd4 Rac8 14. f3
Rfe8 15. g4 a6 16. Nce2 Qc7 17. Ng3 b5 18. h4 Bb7 19. Rc1 Qc4 20. Nh5 Nxh5 21.
gxh5 Bf8 22. Rg1 Kh8 23. h6 g6 24. h5 e5 25. Bf6+ Kg8 26. hxg6 fxg6 27. Rxg6+
Kf7 28. Qg5 exd4 29. Bg7 Re6 30. Rf6+ Rxf6 31. Qxf6+ Ke8 32. Qxf8+ Kd7 33. Qf5+
Kc7 34. Qxh7 Kb8 35. Qg6 d5 36. Qd6+ Ka8 37. Qb6 d3 38. Bd4 Kb8 39. Qa7+ 1-0